| 000 | 00495nam a2200181Ia 4500 | ||
|---|---|---|---|
| 001 | 40265 | ||
| 008 | 140423s9999 xx 000 0 und d | ||
| 020 | _a0374173214 | ||
| 040 | _cPK-LaUMT | ||
| 082 |
_a 954.05 _bMIS-T |
||
| 100 | _aMishra, Pankaj | ||
| 245 |
_aTemptations of the west _bhow to be modern in India, Pakistan, Tibet, and beyond _cMishra, Pankaj |
||
| 260 |
_aNew York,Usa: _bFarrar, Straus and Giroux, _c2006 |
||
| 300 | _a323 p. | ||
| 546 | _aEN | ||
| 650 | _a. | ||
| 942 | _cBK | ||
| 999 |
_c39515 _d39515 |
||